Lunární diář Diety /
| Hlavní autor: | Homolová, Andrea |
|---|---|
| Jazyk: | Čeština |
| Vydáno: |
Praha : Levné knihy KMa, 2003-2008 Praha : Synergie Praha : Kanzelsberger |
| Edice: |
AstroNox
|
| Témata: | |
| Externí odkaz: |
Digitalizovaný dokument
|
| Fyzický popis: |
^^^sv. ; 21 cm |
| Odebírané ročníky: |
2003,06,09 |
| LEADER | 01959nas a2200493 a 4500 | ||
|---|---|---|---|
| 001 | 000681977 | ||
| 003 | CZ BrMZK | ||
| 005 | 20250604150511.0 | ||
| 007 | ta | ||
| 008 | 030814d20032008xr uu p 0 a0cze d | ||
| 015 | |a cnb001256288 | ||
| 040 | |a BOA001 |b cze | ||
| 072 | 7 | |a 613 |x Hygiena. Lidské zdraví |2 Konspekt |9 14 | |
| 080 | |a 613.2 |2 MRF | ||
| 080 | |a (059) |2 MRF | ||
| 080 | |a 613 |2 MRF | ||
| 100 | 1 | |a Homolová, Andrea |7 xx0037211 |4 aut | |
| 245 | 1 | 0 | |a Lunární diář Diety / |c Andrea Homolová |
| 246 | 3 | 3 | |a Diety - lunární diář |
| 260 | |a Praha : |b Levné knihy KMa, |c 2003-2008 | ||
| 260 | 2 | |3 2005 |a Praha : |b Synergie | |
| 260 | 3 | |3 2008 |a Praha : |b Kanzelsberger | |
| 300 | |a ^^^sv. ; |c 21 cm | ||
| 310 | |a 1x ročně | ||
| 362 | 0 | |a 2003-2009 | |
| 490 | 1 | |a AstroNox | |
| 500 | |a V ročníku 2004 a 2007 podnázev: zhubněte s Lunou! | ||
| 500 | |a V ročníku 2009 obálkový podnázev: zhubněte s Lunou, čili, už nikdy nebudu tlustá! | ||
| 500 | |a V některých ročnících edice neuvedena | ||
| 500 | |a Jednotlivé svazky mají ISBN | ||
| 541 | |c pv-r | ||
| 650 | 0 | 7 | |a péče o zdraví |7 ph124852 |2 czenas |
| 650 | 0 | 7 | |a dietetika |7 ph119435 |2 czenas |
| 655 | 7 | |a kalendáře |7 fd132513 |2 czenas | |
| 856 | 4 | 1 | |u http://www.digitalniknihovna.cz/mzk/uuid/uuid:89b4b080-68bf-11e4-8d66-5ef3fc9bb22f |y Digitalizovaný dokument |x NDK |
| 902 | |a 80-7309-080-5 |q (2003) | ||
| 902 | |a 80-7370-200-2 |q (2006) | ||
| 902 | |a 978-80-85387-55-1 |q (2009) | ||
| 910 | |a BOA001 |b 2-1115.297 |r 2003,06,09 | ||
| 952 | |a e-xr-pg | ||
| 990 | |a SE | ||
| 996 | 6 | |b 2610203748 |c 2-1115.297 |d 2003 |y 2003 |l MZK |r Sklad / do 1 hodiny |n 2 |p p.v. |w 000681977 |u 000010 |a 1 |e BOA001 |j MZK50 |s P | |
| 996 | 6 | |b 2610309971 |c 2-1115.297 |d 2006 |v 2006 |y 2006 |l MZK |r Sklad / do 1 hodiny |n 0 |p p.v. ; nelze digi |w 000681977 |u 000020 |a 1 |e BOA001 |j MZK50 |s P | |
| 996 | 6 | |b 2610365420 |c 2-1115.297 |d 2009 |v 2009 |y 2009 |l MZK |r Sklad / do 1 hodiny |n 1 |p p.v. ; nelze digi |w 000681977 |u 000030 |a 1 |e BOA001 |j MZK50 |s P | |
English
Čeština 